Immunology, a synthesis / (Record no. 5016)
[ view plain ]
| 000 -LEADER | |
|---|---|
| fixed length control field | 00402cam a2200145 a 4500 |
| 020 ## - INTERNATIONAL STANDARD BOOK NUMBER | |
| ISBN | 0878932682 |
| 050 00 - CALL NUMBER | |
| Classification number | QR181 |
| Item number | .G66 GOL |
| 100 1# - AUTHOR | |
| Personal name | Golub, Edward S., |
| 245 10 - TITLE | |
| Title | Immunology, a synthesis / |
| Statement of responsibility, etc | Edward S. Golub. |
| 260 ## - PUBLICATION INFORMATION | |
| Place of publication | Sunderland, Mass. : |
| Name of publisher | Sinauer Associates, |
| Year of publication | c1987. |
| 300 ## - DESCRIPTION | |
| Number of Pages | xxi, 551 p. : |
| Other physical details | ill. ; |
| Dimensions | 25 cm. |
| 650 #0 - SUBJECTS | |
| Topical Term | Immunology. |
| 650 #0 - SUBJECTS | |
| Topical Term | Immunologic diseases. |
| 942 ## - ADDED ENTRY ELEMENTS (KOHA) | |
| Koha item type | Books |
| Withdrawn status | Lost status | Home library | Current library | Shelving location | Date acquired | Full call number | Accession Number | Koha item type |
|---|---|---|---|---|---|---|---|---|
| Methodist University Library Wenchi Nursing | Methodist University Library Wenchi Nursing | General Stacks | 10/04/2019 | QR181 .G66 GOL | 4180 | Books |